<?xml version="1.0" encoding="UTF-8"?>
<record
    xmlns:xsi="http://www.w3.org/2001/XMLSchema-instance"
    xsi:schemaLocation="http://www.loc.gov/MARC21/slim http://www.loc.gov/standards/marcxml/schema/MARC21slim.xsd"
    xmlns="http://www.loc.gov/MARC21/slim">

  <leader>00651nam a22002177a 4500</leader>
  <controlfield tag="003">UA-OsUOA</controlfield>
  <controlfield tag="001"> 43451 </controlfield>
  <controlfield tag="007">ta</controlfield>
  <controlfield tag="008">20090710b un ||||| |||| 00| 0 ukr d</controlfield>
  <datafield tag="100" ind1=" " ind2=" ">
    <subfield code="a">&#x411;&#x440;&#x43E;&#x434;&#x43E;&#x432;&#x438;&#x447; &#x41E;.</subfield>
  </datafield>
  <datafield tag="090" ind1=" " ind2=" ">
    <subfield code="a">09.-94(477).09</subfield>
    <subfield code="b">&#x411;88</subfield>
  </datafield>
  <datafield tag="942" ind1=" " ind2=" ">
    <subfield code="c">BR</subfield>
  </datafield>
  <datafield tag="040" ind1=" " ind2=" ">
    <subfield code="a">UA-OsUOA</subfield>
    <subfield code="b">ukr</subfield>
    <subfield code="c">UA-OsUOA</subfield>
    <subfield code="d">UA-OsUOA</subfield>
  </datafield>
  <datafield tag="245" ind1=" " ind2=" ">
    <subfield code="a">&#x414;&#x43E; &#x433;&#x435;&#x43D;&#x435;&#x437;&#x438; &#x443;&#x43A;&#x440;&#x430;&#x457;&#x43D;&#x441;&#x44C;&#x43A;&#x43E;-&#x43D;&#x456;&#x43C;&#x435;&#x446;&#x44C;&#x43A;&#x43E;&#x457; &#x432;&#x456;&#x439;&#x43D;6&#x438; 1941-44 &#x440;&#x43E;&#x43A;&#x456;&#x432;</subfield>
    <subfield code="b">&#x41F;&#x435;&#x440;&#x435;&#x434;&#x440;&#x443;&#x43A; &#x456;&#x437; &#x412;&#x456;&#x441;&#x43D;&#x438;&#x43A;&#x430; &#x423;&#x413;&#x412;&#x420;: &#x427;.2, &#x436;&#x43E;&#x432;&#x442;&#x435;&#x43D;&#x44C; 1945</subfield>
  </datafield>
  <datafield tag="300" ind1=" " ind2=" ">
    <subfield code="a">36 &#x441;.</subfield>
  </datafield>
  <datafield tag="955" ind1=" " ind2=" ">
    <subfield code="a">4</subfield>
  </datafield>
  <datafield tag="041" ind1=" " ind2=" ">
    <subfield code="a">ukr</subfield>
  </datafield>
  <datafield tag="080" ind1=" " ind2=" ">
    <subfield code="a">09.-94(477).09</subfield>
  </datafield>
  <datafield tag="650" ind1=" " ind2="7">
    <subfield code="a">0 &#x417;&#x430;&#x433;&#x430;&#x43B;&#x44C;&#x43D;&#x438;&#x439; &#x432;&#x456;&#x434;&#x434;&#x456;&#x43B;.</subfield>
    <subfield code="2">UDC</subfield>
  </datafield>
  <datafield tag="999" ind1=" " ind2=" ">
    <subfield code="c">441928</subfield>
    <subfield code="d">441928</subfield>
  </datafield>
</record>
